[Event "BCF-chT1b 1213 (4NCL)"]
[Site "England"]
[Date "2012.11.04"]
[Round "2.188"]
[White "Cutmore, Martin J"]
[Black "Owens, Megan R"]
[Result "0-1"]
[WhiteElo "2051"]
[BlackElo "1847"]
[PlyCount "78"]
[EventDate "2012.11.03"]
[EventType "team-tourn"]
[EventRounds "7"]
[EventCountry "ENG"]
[SourceTitle "EXT 2013"]
[Source "ChessBase"]
[SourceDate "2012.11.22"]
[SourceVersion "1"]
[SourceVersionDate "2012.11.22"]
[SourceQuality "1"]
[WhiteTeam "Wood Green Hilsmark II"]
[BlackTeam "South Wales Dragons"]
[WhiteTeamCountry "ENG"]
[BlackTeamCountry "ENG"]

1. d4 Nf6 2. c4 g6 3. Nc3 d5 4. cxd5 Nxd5 5. Bd2 Bg7 6. e4 Nxc3 7. Bxc3 c5 8. d5 0-0 9. Bc4 Nd7 10. Nf3 Bxc3+ 11. bxc3 Qa5 12. Qc2 Nb6 13. Be2 f5 14. 0-0 Qa4 15. Qxa4 Nxa4 16. Rac1 fxe4 17. Ng5 Bf5 18. g4 Bd7 19. Nxe4 Rf4 20. f3 Bxg4 21. Rf2 Raf8 22. Kg2 Nb6 23. c4 Nd7 24. Rcf1 Bf5 25. Nd2 Ne5 26. Kg3 g5 27. Ne4 Bxe4 28. fxe4 Ng6 29. Rxf4 Nxf4 30. Bg4 Nh5+ 31. Kg2 Rxf1 32. Kxf1 Nf4 33. Kf2 Kg7 34. Bf5 h6 35. Kf3 Kf6 36. Bc8 b6 37. h4 Ng6 38. hxg5+ Kxg5 39. Kg3 Ne5 0-1

[Event "BCF-chT1b 1213 (4NCL)"]
[Site "England"]
[Date "2012.11.03"]
[Round "1.178"]
[White "Summerscale, Claire"]
[Black "Cutmore, Martin J"]
[Result "0-1"]
[WhiteElo "1982"]
[BlackElo "2051"]
[PlyCount "74"]
[EventDate "2012.11.03"]
[EventType "team-tourn"]
[EventRounds "7"]
[EventCountry "ENG"]
[SourceTitle "EXT 2013"]
[Source "ChessBase"]
[SourceDate "2012.11.22"]
[SourceVersion "1"]
[SourceVersionDate "2012.11.22"]
[SourceQuality "1"]
[WhiteTeam "Jutes of Kent"]
[BlackTeam "Wood Green Hilsmark II"]
[WhiteTeamCountry "ENG"]
[BlackTeamCountry "ENG"]

1. d4 Nf6 2. Nc3 c5 3. d5 d6 4. e4 g6 5. Nf3 Bg7 6. Bd3 0-0 7. 0-0 Na6 8. Bg5 Nc7 9. Re1 a6 10. a4 Rb8 11. Qe2 Bg4 12. h3 Bxf3 13. Qxf3 b5 14. axb5 axb5 15. Nb1 Nd7 16. c3 c4 17. Bc2 b4 18. Bd2 Ne5 19. Qe3 b3 20. Bd1 Nd3 21. Be2 Nxe1 22. Bxe1 e6 23. Bxc4 exd5 24. exd5 Re8 25. Qc1 Qh4 26. Na3 Re7 27. f3 Qh5 28. Bg3 Be5 29. f4 Bg7 30. f5 Qxf5 31. Bxd6 Rd7 32. Nb5 Be5 33. Bxe5 Qxe5 34. Ra7 Rbd8 35. Nxc7 Rxc7 36. Rxc7 Qxc7 37. Bxb3 Qb6+ 0-1

[Event "Bournemouth op"]
[Site "Bournemouth"]
[Date "2012.04.21"]
[Round "2"]
[White "Cutmore, Martin J"]
[Black "Mladenov, Plamen"]
[Result "0-1"]
[WhiteElo "2044"]
[BlackElo "2389"]
[PlyCount "60"]
[EventDate "2012.04.20"]
[EventType "swiss"]
[EventRounds "5"]
[EventCountry "ENG"]
[SourceTitle "CBM 148 Extra"]
[Source "ChessBase"]
[SourceDate "2012.06.22"]
[SourceVersion "1"]
[SourceVersionDate "2012.06.22"]
[SourceQuality "1"]

1. d4 c5 2. d5 Nf6 3. c4 e6 4. Nc3 exd5 5. cxd5 d6 6. e4 g6 7. f4 Bg7 8. Nf3 0-0 9. Be2 Re8 10. Nd2 a6 11. a4 Nbd7 12. 0-0 Rb8 13. Re1 Qc7 14. h3 c4 15. Kh1 b5 16. axb5 axb5 17. Bf3 Nc5 18. Re2 b4 19. Na4 c3 20. Nf1 Ba6 21. Re3 Bxf1 22. Qxf1 Ra8 23. e5 Nxa4 24. exf6 Rxe3 25. Bxe3 cxb2 26. fxg7 bxa1Q 27. Qxa1 Qc3 28. Qg1 b3 29. Bd4 b2 30. Be4 Qc1 0-1

[Event "Paington op"]
[Site "Paignton"]
[Date "2011.09.06"]
[Round "3"]
[White "Burnett, Jim"]
[Black "Cutmore, Martin J"]
[Result "1-0"]
[WhiteElo "2148"]
[BlackElo "2048"]
[PlyCount "80"]
[EventDate "2011.09.04"]
[EventType "swiss"]
[EventRounds "7"]
[EventCountry "ENG"]
[SourceTitle "CBM 144 Extra"]
[Source "ChessBase"]
[SourceDate "2011.10.28"]
[SourceVersion "1"]
[SourceVersionDate "2011.10.28"]
[SourceQuality "1"]

1. d4 Nf6 2. c4 c5 3. Nf3 cxd4 4. Nxd4 e5 5. Nb5 d5 6. cxd5 Bc5 7. N5c3 0-0 8. e3 e4 9. Be2 Qe7 10. 0-0 Bf5 11. a3 Nbd7 12. b4 Bd6 13. Bb2 Qe5 14. g3 Bh3 15. Re1 a6 16. Nd2 Qf5 17. Qc2 Rfe8 18. Nc4 Bf8 19. f4 Rac8 20. Qd2 Red8 21. Na5 Rb8 22. Qd4 h5 23. Bf1 h4 24. Bxh3 Qxh3 25. Nxe4 Nxe4 26. Qxe4 hxg3 27. hxg3 Qxg3+ 28. Qg2 Qh4 29. Rad1 Nb6 30. Be5 Rbc8 31. e4 f6 32. Bd4 Nc4 33. Nxb7 Re8 34. Rf1 Nxa3 35. Bc5 Nc4 36. Rd3 Qh7 37. Bxf8 Kxf8 38. Rh3 Qg8 39. Nc5 Ke7 40. Rg3 Kd8 1-0

[Event "Paington op"]
[Site "Paignton"]
[Date "2011.09.04"]
[Round "1"]
[White "Hodgson, John H"]
[Black "Cutmore, Martin J"]
[Result "1/2-1/2"]
[WhiteElo "2208"]
[BlackElo "2048"]
[PlyCount "47"]
[EventDate "2011.09.04"]
[EventType "swiss"]
[EventRounds "7"]
[EventCountry "ENG"]
[SourceTitle "CBM 144 Extra"]
[Source "ChessBase"]
[SourceDate "2011.10.28"]
[SourceVersion "1"]
[SourceVersionDate "2011.10.28"]
[SourceQuality "1"]

1. e4 c5 2. Nf3 e6 3. d4 cxd4 4. Nxd4 a6 5. Bd3 Bc5 6. Nb3 Be7 7. 0-0 d6 8. Qg4 g6 9. Qe2 Nd7 10. Na3 h5 11. f4 Qc7 12. Nc4 b5 13. Ncd2 Ngf6 14. Nf3 Bb7 15. Bd2 h4 16. a4 b4 17. a5 d5 18. e5 Ne4 19. Be3 Ndc5 20. Nxc5 Bxc5 21. Rfc1 h3 22. g3 d4 23. Bf2 Nxf2 24. Kxf2 1/2-1/2

[Event "Uxbridge op"]
[Site "Uxbridge"]
[Date "2010.03.20"]
[Round "2"]
[White "Tobisch, John"]
[Black "Cutmore, Martin J"]
[Result "1/2-1/2"]
[WhiteElo "1864"]
[BlackElo "2059"]
[PlyCount "47"]
[EventDate "2010.03.19"]
[EventType "swiss"]
[EventRounds "5"]
[EventCountry "ENG"]
[SourceTitle "CBM 135 Extra"]
[Source "ChessBase"]
[SourceDate "2010.05.04"]
[SourceVersion "1"]
[SourceVersionDate "2010.05.04"]
[SourceQuality "1"]

1. d4 Nf6 2. Bg5 e6 3. e4 h6 4. Bxf6 Qxf6 5. c3 c5 6. Nf3 cxd4 7. e5 Qd8 8. Nxd4 a6 9. Nd2 Qc7 10. f4 d6 11. exd6 Bxd6 12. g3 0-0 13. Ne4 Be7 14. Bg2 e5 15. fxe5 Qxe5 16. 0-0 f5 17. Qb3+ Kh8 18. Nf2 Bc5 19. Rfe1 Qc7 20. Qc4 b5 21. Qd5 Ra7 22. Nd3 Bb6 23. Qe5 Nc6 24. Qxc7 1/2-1/2

[Event "Uxbridge op"]
[Site "Uxbridge"]
[Date "2010.03.19"]
[Round "1"]
[White "Cutmore, Martin J"]
[Black "Ociepka, Adrian"]
[Result "0-1"]
[WhiteElo "2059"]
[BlackElo "2176"]
[PlyCount "48"]
[EventDate "2010.03.19"]
[EventType "swiss"]
[EventRounds "5"]
[EventCountry "ENG"]
[SourceTitle "CBM 135 Extra"]
[Source "ChessBase"]
[SourceDate "2010.05.04"]
[SourceVersion "1"]
[SourceVersionDate "2010.05.04"]
[SourceQuality "1"]

1. d4 d5 2. c4 e6 3. Nc3 c5 4. cxd5 exd5 5. Nf3 Nc6 6. g3 Nf6 7. Bg2 Be7 8. 0-0 0-0 9. Bg5 c4 10. Ne5 Be6 11. e3 Re8 12. Qe2 Qa5 13. f4 Rad8 14. f5 Bc8 15. g4 Nxe5 16. dxe5 Ne4 17. Bxe7 Nxc3 18. bxc3 Rxe7 19. f6 Rxe5 20. fxg7 Qxc3 21. Rad1 d4 22. Rxf7 Kxf7 23. Qf2+ Kxg7 24. exd4 Qe3 0-1

[Event "Uxbridge op"]
[Site "Denham"]
[Date "2009.02.20"]
[Round "1"]
[White "Bonafont, Philip"]
[Black "Cutmore, Martin J"]
[Result "1-0"]
[WhiteElo "2140"]
[BlackElo "2056"]
[PlyCount "43"]
[EventDate "2009.02.20"]
[EventType "swiss"]
[EventRounds "5"]
[EventCountry "ENG"]
[SourceTitle "EXT 2011"]
[Source "ChessBase"]
[SourceDate "2010.11.26"]
[SourceVersion "1"]
[SourceVersionDate "2010.11.26"]
[SourceQuality "1"]

1. d4 Nf6 2. Nf3 c5 3. d5 b5 4. c4 e6 5. Bg5 exd5 6. cxd5 Qa5+ 7. Nc3 Ne4 8. Qc2 Nxg5 9. Nxg5 Be7 10. Qe4 d6 11. e3 c4 12. Be2 Na6 13. 0-0 Nc5 14. Qf4 Bxg5 15. Qxg5 0-0 16. a4 b4 17. Nb5 Nb3 18. Rad1 c3 19. bxc3 bxc3 20. Bd3 Qxa4 21. Nxc3 Nc5 22. Nxa4 1-0

[Event "Milton Keynes op"]
[Site "Newport Pagnell"]
[Date "2008.10.16"]
[Round "5"]
[White "Cutmore, Martin J"]
[Black "Byron, Alan M"]
[Result "1/2-1/2"]
[WhiteElo "2061"]
[BlackElo "2204"]
[PlyCount "85"]
[EventDate "2008.10.14"]
[EventType "swiss"]
[EventRounds "5"]
[EventCountry "ENG"]
[SourceTitle "CBM 127 Extra"]
[Source "ChessBase"]
[SourceDate "2009.01.08"]
[SourceVersion "2"]
[SourceVersionDate "2009.01.28"]
[SourceQuality "1"]

1. d4 d5 2. c4 c6 3. Nf3 Nf6 4. Nc3 dxc4 5. e4 b5 6. e5 Nd5 7. a4 Nxc3 8. bxc3 e6 9. g3 Bb7 10. Bg2 Be7 11. 0-0 Nd7 12. Nd2 Qc7 13. Ba3 Bxa3 14. Rxa3 Nb6 15. Ne4 Nxa4 16. Nd6+ Kf8 17. Rxa4 bxa4 18. Qxa4 Bc8 19. Rb1 a5 20. Bxc6 Ra6 21. Bb7 Bd7 22. Qa3 Rxd6 23. exd6 Qd8 24. Qc5 g5 25. Bc6 Bxc6 26. Qxc6 Kg7 27. Rb7 Qf6 28. d7 Rd8 29. Qc7 Qe7 30. Qc5 Kf6 31. h4 gxh4 32. gxh4 h6 33. h5 Rg8+ 34. Kf1 Rg5 35. Qc8 Rd5 36. Qh8+ Kg5 37. d8Q Qxd8 38. Qg7+ Kh4 39. Qg3+ Kxh5 40. Rxf7 Qg5 41. Qh3+ Kg6 42. Qxe6+ Kh5 43. Qh3+ 1/2-1/2

[Event "Paington op"]
[Site "Paington"]
[Date "2008.08.31"]
[Round "1"]
[White "James, Russell A"]
[Black "Cutmore, Martin J"]
[Result "1-0"]
[WhiteElo "2225"]
[BlackElo "2051"]
[PlyCount "57"]
[EventDate "2008.08.31"]
[EventType "swiss"]
[EventRounds "7"]
[EventCountry "ENG"]
[SourceTitle "EXT 2010"]
[Source "ChessBase"]
[SourceDate "2010.11.25"]
[SourceVersion "1"]
[SourceVersionDate "2010.11.25"]
[SourceQuality "1"]

1. e4 c5 2. c3 d6 3. d4 Nf6 4. Bd3 cxd4 5. cxd4 g6 6. Nf3 Bg7 7. 0-0 0-0 8. h3 Nc6 9. Nc3 e5 10. d5 Ne7 11. Bg5 h6 12. Be3 Kh7 13. Rc1 Bd7 14. Qb3 Qb8 15. Nb5 Ne8 16. Qc2 Bxb5 17. Bxb5 f5 18. exf5 gxf5 19. Bd7 Nxd5 20. Bxf5+ Kh8 21. Nh4 Ne7 22. f4 d5 23. Bc5 Nd6 24. fxe5 Bxe5 25. Rce1 Ndxf5 26. Nxf5 Rxf5 27. Rxf5 Bd6 28. Bd4+ Kg8 29. Rg5+ 1-0

[Event "Margate Thanet op"]
[Site "Margate"]
[Date "2008.08.17"]
[Round "5"]
[White "Barrett, Stephen J"]
[Black "Cutmore, Martin J"]
[Result "1/2-1/2"]
[WhiteElo "2226"]
[BlackElo "2061"]
[PlyCount "81"]
[EventDate "2008.08.15"]
[EventType "swiss"]
[EventRounds "5"]
[EventCountry "ENG"]
[SourceTitle "EXT 2011"]
[Source "ChessBase"]
[SourceDate "2010.11.26"]
[SourceVersion "1"]
[SourceVersionDate "2010.11.26"]
[SourceQuality "1"]

1. d4 e6 2. Nf3 c5 3. e3 Nf6 4. Bd3 b6 5. 0-0 Bb7 6. Nbd2 Nc6 7. b3 cxd4 8. exd4 Nb4 9. Be2 Nbd5 10. Bb2 Nf4 11. Bc4 Bb4 12. c3 Be7 13. Re1 0-0 14. Bf1 Qc7 15. Rc1 Rad8 16. g3 Ng6 17. Bd3 Ng4 18. h3 Nh6 19. Qe2 f5 20. c4 Bb4 21. Rc2 Nf7 22. d5 Qd6 23. Kh2 Rc8 24. Nd4 Ng5 25. Qh5 Bxd2 26. Rxd2 Ne4 27. Bxe4 fxe4 28. Rxe4 exd5 29. Nf5 Qb4 30. Ree2 Rf7 31. cxd5 Rcf8 32. Ne3 Ba6 33. Nc4 Bxc4 34. bxc4 Qxc4 35. Ba3 Rf5 36. Qg4 Ne5 37. Qxc4 Nxc4 38. Bxf8 Nxd2 39. Rxd2 Kxf8 40. f4 Ke7 41. d6+ 1/2-1/2

[Event "Margate Thanet op"]
[Site "Margate"]
[Date "2008.08.16"]
[Round "2"]
[White "Bonafont, Philip"]
[Black "Cutmore, Martin J"]
[Result "0-1"]
[WhiteElo "2126"]
[BlackElo "2061"]
[PlyCount "62"]
[EventDate "2008.08.15"]
[EventType "swiss"]
[EventRounds "5"]
[EventCountry "ENG"]
[SourceTitle "EXT 2011"]
[Source "ChessBase"]
[SourceDate "2010.11.26"]
[SourceVersion "1"]
[SourceVersionDate "2010.11.26"]
[SourceQuality "1"]

1. d4 e6 2. Bf4 Nf6 3. e3 c5 4. Nf3 b6 5. c3 Bb7 6. Nbd2 Be7 7. h3 0-0 8. Bd3 d6 9. 0-0 Nc6 10. Qe2 Re8 11. Bh2 Bf8 12. e4 cxd4 13. Nxd4 e5 14. Nf5 g6 15. Ne3 Nh5 16. Bc4 Nf4 17. Bxf4 exf4 18. Nd5 Bh6 19. b4 Ne5 20. Bb3 Rc8 21. Rac1 a5 22. Nf3 Kg7 23. Rfd1 Bc6 24. a4 Bd7 25. Kh2 f5 26. Kg1 Nxf3+ 27. gxf3 fxe4 28. fxe4 Bxh3 29. f3 Re5 30. Qa6 Qh4 31. Qb7+ Kh8 0-1

[Event "Margate Thanet op"]
[Site "Margate"]
[Date "2008.08.15"]
[Round "1"]
[White "Cutmore, Martin J"]
[Black "Silva, Mario"]
[Result "1-0"]
[WhiteElo "2061"]
[BlackElo "1336"]
[PlyCount "53"]
[EventDate "2008.08.15"]
[EventType "swiss"]
[EventRounds "5"]
[EventCountry "ENG"]
[SourceTitle "EXT 2011"]
[Source "ChessBase"]
[SourceDate "2010.11.26"]
[SourceVersion "1"]
[SourceVersionDate "2010.11.26"]
[SourceQuality "1"]

1. d4 Nf6 2. c4 e6 3. Nc3 Bb4 4. f3 0-0 5. e4 d5 6. e5 Nh5 7. Nh3 g6 8. a3 Bxc3+ 9. bxc3 b6 10. Bd3 Ba6 11. cxd5 Bxd3 12. Qxd3 Qxd5 13. Nf2 Nd7 14. 0-0 Rfc8 15. c4 Qa5 16. Ng4 c6 17. Nh6+ Kf8 18. f4 f5 19. exf6 Nhxf6 20. g4 Kg7 21. Bd2 Qa6 22. g5 Nh5 23. d5 e5 24. fxe5 Nc5 25. Rf7+ Kh8 26. Qc3 Na4 27. e6+ 1-0

[Event "Brentwood op 2nd"]
[Site "Brentwood"]
[Date "2008.02.17"]
[Round "5"]
[White "Walker, Martin Graham"]
[Black "Cutmore, Martin J"]
[Result "1-0"]
[WhiteElo "2250"]
[BlackElo "2051"]
[PlyCount "73"]
[EventDate "2008.02.16"]
[EventType "swiss"]
[EventRounds "5"]
[EventCountry "ENG"]
[SourceTitle "CBM 122 Extra"]
[Source "ChessBase"]
[SourceDate "2008.03.04"]
[SourceVersion "1"]
[SourceVersionDate "2008.03.04"]
[SourceQuality "1"]

1. e4 c5 2. d4 e6 3. c3 d5 4. exd5 exd5 5. Nf3 Nc6 6. Be2 Bd6 7. dxc5 Bxc5 8. 0-0 Nge7 9. Nbd2 0-0 10. Nb3 Bb6 11. Nfd4 Ng6 12. Be3 Re8 13. Qd2 Nce5 14. Nc2 Bf5 15. Bxb6 Qxb6 16. Ne3 Be4 17. Nxd5 Qc6 18. Nb4 Qc7 19. Rad1 Rad8 20. Qe3 Bf5 21. Qg3 h5 22. Nd5 Qc8 23. Bxh5 Bd3 24. Rxd3 Nxd3 25. Bxg6 Rxd5 26. Bxd3 Re6 27. Qh3 Qd8 28. Nd4 Rh6 29. Qg3 Rg5 30. Qf4 Rgh5 31. Bf5 g6 32. Bh3 Rh4 33. Qg3 R6h5 34. Re1 Rg5 35. Qe3 Kg7 36. Kh1 Qf6 37. Qe7 1-0

[Event "Brentwood op 2nd"]
[Site "Brentwood"]
[Date "2008.02.16"]
[Round "3"]
[White "Cutmore, Martin J"]
[Black "Ledger, Dave J"]
[Result "1-0"]
[WhiteElo "2051"]
[BlackElo "2277"]
[PlyCount "59"]
[EventDate "2008.02.16"]
[EventType "swiss"]
[EventRounds "5"]
[EventCountry "ENG"]
[SourceTitle "CBM 122 Extra"]
[Source "ChessBase"]
[SourceDate "2008.03.04"]
[SourceVersion "1"]
[SourceVersionDate "2008.03.04"]
[SourceQuality "1"]

1. d4 Nf6 2. c4 e6 3. Nc3 Bb4 4. f3 d5 5. a3 Bxc3+ 6. bxc3 c5 7. cxd5 Nxd5 8. dxc5 Qa5 9. e4 Ne7 10. Be3 0-0 11. Qb3 Qc7 12. a4 Nec6 13. Nh3 Na5 14. Qa3 e5 15. Nf2 Be6 16. Rb1 Rc8 17. Bb5 a6 18. Be2 Nd7 19. 0-0 Nxc5 20. Qb4 f6 21. Rfd1 Ncb3 22. Bb6 Qxc3 23. Rd8+ Kf7 24. Qxc3 Rxc3 25. Rxa8 Nc6 26. Nd1 Rc2 27. Bf1 Ncd4 28. Ne3 Ra2 29. Nc4 Rxa4 30. Bxd4 1-0

[Event "BCF-chT2 0506 (4NCL)"]
[Site "Birmingham"]
[Date "2006.01.15"]
[Round "6.8"]
[White "Cutmore, Martin J"]
[Black "Chevannes, Sabrina"]
[Result "0-1"]
[WhiteElo "2026"]
[BlackElo "2100"]
[PlyCount "82"]
[EventDate "2005.10.22"]
[EventType "team"]
[EventRounds "11"]
[EventCountry "ENG"]
[SourceTitle "EXT 2007"]
[Source "ChessBase"]
[SourceDate "2006.11.23"]
[SourceVersion "1"]
[SourceVersionDate "2006.11.23"]
[SourceQuality "1"]
[WhiteTeam "Wood Green III"]
[BlackTeam "Warwicks Select"]
[WhiteTeamCountry "ENG"]
[BlackTeamCountry "ENG"]

1. d4 d5 2. c4 e6 3. Nc3 c6 4. Nf3 Nf6 5. Bg5 h6 6. Bh4 Nbd7 7. e3 Bd6 8. Bd3 dxc4 9. Bxc4 b5 10. Bd3 a6 11. Rc1 Bb7 12. 0-0 c5 13. Be4 Qb6 14. Bxb7 Qxb7 15. dxc5 Bxc5 16. Qe2 Bb6 17. Rfd1 0-0 18. a3 Rac8 19. e4 e5 20. Kh1 Rfe8 21. h3 Re6 22. Nd2 Bd4 23. f3 Rec6 24. Ndb1 Nh5 25. Qe1 Nb6 26. Bf2 Bxf2 27. Qxf2 Nf4 28. Qf1 Rg6 29. g4 Nc4 30. Nd5 Nxd5 31. exd5 Ne3 32. Rxc8+ Qxc8 33. Qe2 Nxd1 34. Qxd1 Rd6 35. Nc3 Qb7 36. Qe2 f6 37. Qe3 b4 38. axb4 Qxb4 39. Qc1 Qd4 40. Kg2 Qd3 41. Kg3 f5 0-1

[Event "BCF-chT2 0506 (4NCL)"]
[Site "Birmingham"]
[Date "2005.10.23"]
[Round "2.8"]
[White "Cutmore, Martin J"]
[Black "Levicki, Jeffrey P"]
[Result "1-0"]
[WhiteElo "2026"]
[BlackElo "1880"]
[PlyCount "59"]
[EventDate "2005.10.22"]
[EventType "team"]
[EventRounds "11"]
[EventCountry "ENG"]
[SourceTitle "EXT 2007"]
[Source "ChessBase"]
[SourceDate "2006.11.23"]
[SourceVersion "1"]
[SourceVersionDate "2006.11.23"]
[SourceQuality "1"]
[WhiteTeam "Wood Green III"]
[BlackTeam "Oxford"]
[WhiteTeamCountry "ENG"]
[BlackTeamCountry "ENG"]

1. d4 Nf6 2. c4 c5 3. d5 b5 4. f3 d6 5. e4 Qa5+ 6. Bd2 b4 7. Bd3 Nbd7 8. f4 g6 9. Nf3 Bg7 10. Qc1 Rb8 11. 0-0 Ba6 12. Re1 0-0 13. Bf1 Qb6 14. e5 Ne8 15. a3 Qa5 16. b3 Bb7 17. Qb2 Qb6 18. axb4 cxb4+ 19. Be3 Nc5 20. Nbd2 dxe5 21. fxe5 Rc8 22. Ne4 Nd6 23. Nxc5 Rxc5 24. Bxc5 Qxc5+ 25. Qf2 Qxf2+ 26. Kxf2 Nc8 27. Ra4 Nb6 28. Rxb4 Rc8 29. Ra1 Ba8 30. Rxa7 1-0

[Event "BCF-chT2 0506 (4NCL)"]
[Site "Birmingham"]
[Date "2005.10.22"]
[Round "1.8"]
[White "Regan, Natasha"]
[Black "Cutmore, Martin J"]
[Result "1/2-1/2"]
[WhiteElo "2208"]
[BlackElo "2026"]
[PlyCount "82"]
[EventDate "2005.10.22"]
[EventType "team"]
[EventRounds "11"]
[EventCountry "ENG"]
[SourceTitle "EXT 2007"]
[Source "ChessBase"]
[SourceDate "2006.11.23"]
[SourceVersion "1"]
[SourceVersionDate "2006.11.23"]
[SourceQuality "1"]
[WhiteTeam "Cambridge"]
[BlackTeam "Wood Green III"]
[WhiteTeamCountry "ENG"]
[BlackTeamCountry "ENG"]

1. e4 c5 2. d4 e6 3. Nf3 cxd4 4. c3 Nf6 5. e5 Nd5 6. cxd4 d6 7. Bg5 Be7 8. Bxe7 Qxe7 9. Nbd2 Nc6 10. Bb5 Bd7 11. exd6 Qxd6 12. 0-0 0-0 13. Ne4 Qe7 14. Nc5 Be8 15. Rc1 Rc8 16. Re1 b6 17. Ne4 Bd7 18. Nc3 Ncb4 19. Qb3 Nxc3 20. bxc3 Bxb5 21. cxb4 Qd6 22. Rcd1 Bc4 23. Qb1 h6 24. a3 Bd5 25. Ne5 Rc3 26. Re3 Rfc8 27. h3 a5 28. bxa5 bxa5 29. Rxc3 Rxc3 30. Rc1 Qxa3 31. Re1 Qb4 32. Qd1 Rb3 33. Kh2 Qe7 34. Qc2 Qf6 35. Kg1 Qg5 36. f3 Qh4 37. Re4 Bxe4 38. Qxb3 Bd5 39. Qb6 Qe1+ 40. Kh2 Qb4 41. Qc7 Qxd4 1/2-1/2

[Event "BCF-chT2 0405 (4NCL)"]
[Site "West Bromwich"]
[Date "2005.04.30"]
[Round "9.7"]
[White "Cutmore, Martin J"]
[Black "Corke, Anya Sun"]
[Result "1/2-1/2"]
[WhiteElo "2030"]
[BlackElo "2138"]
[PlyCount "89"]
[EventDate "2004.09.18"]
[EventType "team"]
[EventRounds "11"]
[EventCountry "ENG"]
[SourceTitle "EXT 2006"]
[Source "ChessBase"]
[SourceDate "2005.11.24"]
[SourceVersion "1"]
[SourceVersionDate "2005.11.24"]
[SourceQuality "1"]
[WhiteTeam "Wood Green III"]
[BlackTeam "White Rose"]
[WhiteTeamCountry "ENG"]
[BlackTeamCountry "ENG"]

1. d4 d5 2. c4 c6 3. Nf3 Nf6 4. Nc3 dxc4 5. e4 b5 6. e5 Nd5 7. a4 Nxc3 8. bxc3 e6 9. axb5 cxb5 10. Ng5 Bb7 11. Qh5 g6 12. Qg4 Be7 13. Be2 Nd7 14. Bf3 h5 15. Qg3 Qb6 16. 0-0 Bxg5 17. Bxg5 Bxf3 18. Qxf3 0-0 19. g4 hxg4 20. Qxg4 Kg7 21. Rfe1 Rh8 22. d5 Rae8 23. Be3 Qd8 24. Rxa7 Rh5 25. f4 Reh8 26. dxe6 Rxh2 27. Rxd7 Rh1+ 28. Kf2 R8h2+ 29. Kg3 Qa8 30. Rxf7+ Kh8 31. Re2 Rh3+ 32. Qxh3+ Rxh3+ 33. Kxh3 Qf3+ 34. Kh4 Qh5+ 35. Kg3 Qxe2 36. Bd4 Kg8 37. Rd7 Qd3+ 38. Kg2 Qf5 39. Rd8+ Kh7 40. e7 Qg4+ 41. Kf1 Qxf4+ 42. Ke2 Qg4+ 43. Kf1 Qh3+ 44. Ke2 Qg4+ 45. Kf1 1/2-1/2